Path to Prosperity with Old Proven Proverbs/ (Record no. 205871)
[ view plain ]
| 000 -LEADER | |
|---|---|
| fixed length control field | 00630nam a22001937a 4500 |
| 005 - DATE AND TIME OF LATEST TRANSACTION | |
| control field | 20240924172736.0 |
| 010 ## - LCCN (DPL NO) | |
| LC control number | ENG-141754 |
| 020 ## - INTERNATIONAL STANDARD BOOK NUMBER | |
| International Standard Book Number | 9789359649894 |
| Terms of availability | 500.00 |
| 035 ## - SYSTEM CONTROL NUMBER | |
| System control number | EN-125286 |
| 037 ## - SOURCE OF ACQUISITION | |
| Source of stock number/acquisition | DBAD |
| 082 ## - DEWEY DECIMAL CLASSIFICATION NUMBER | |
| Classification number | 398.95413 |
| 100 ## - MAIN ENTRY--PERSONAL NAME | |
| Personal name | Singhal, Ajay |
| 245 ## - TITLE STATEMENT | |
| Title | Path to Prosperity with Old Proven Proverbs/ |
| Statement of responsibility, etc | By Ajay Singhal |
| 250 ## - EDITION STATEMENT | |
| Edition statement | 1 |
| 260 ## - PUBLICATION, DISTRIBUTION, ETC. (IMPRINT) | |
| Place of publication, distribution, etc | New Delhi |
| Name of publisher, distributor, etc | Diamond Pocket Books |
| Date of publication, distribution, etc | 2024 |
| 270 ## - ADDRESS | |
| Address | X- 30, Okhla Industrial Area, Phase-II |
| City | New Delhi |
| Postal code | 110020 |
| Electronic mail address | wecare@diamondbooks.in |
| Telephone number | 011-40712100 |
| -- | 011-41611861 |
| 300 ## - PHYSICAL DESCRIPTION | |
| Extent | 159p. |
| Dimensions | 22cm(hb) |
| 942 ## - ADDED ENTRY ELEMENTS (KOHA) | |
| Source of classification or shelving scheme | Dewey Decimal Classification |
| Item type | English Books |
| Classification part | 398.95413 |
| Call number suffix | SIN |
| Withdrawn status | Lost status | Not for loan | Collection code | Home library | Current library | Date acquired | Source of acquisition | Cost, normal purchase price | Full call number | Barcode | Copy number | Cost, replacement price | Koha item type |
|---|---|---|---|---|---|---|---|---|---|---|---|---|---|
| Non-fiction | Vinoba Puri | Vinoba Puri | 24/09/2024 | Delivery of Books Act Division | 500.00 | 398.95413 SIN | EN-125286 | 1 | 500.00 | English Books |
